Les Idées du jour / (Record no. 74834)

MARC details
000 -LEADER
campo de control de longitud fija 00593nam a2200205 i 4500
001 - NÚMERO DE CONTROL
campo de control 74834
003 - IDENTIFICADOR DE NÚMERO DE CONTROL
campo de control ES-MaACL
005 - FECHA Y HORA DE LA ÚLTIMA TRANSACCIÓN
campo de control 20230906172248.0
007 - CAMPO FIJO DE DESCRIPCIÓN FÍSICA--INFORMACIÓN GENERAL
campo de control de longitud fija t|
008 - DATOS DE LONGITUD FIJA--INFORMACIÓN GENERAL
campo de control de longitud fija 040921s1918 fr ||||1| fre d
100 1# - ENTRADA PRINCIPAL--NOMBRE DE PERSONA
Nombre de persona Gourmont, Rémy de (
Fechas asociadas al nombre 1858-1916)
9 (RLIN) 59362
245 14 - MENCIÓN DEL TÍTULO
Título Les Idées du jour /
Mención de responsabilidad, etc. Remy de Gourmont.
260 ## - PUBLICACIÓN, DISTRIBUCIÓN, ETC.
Lugar de publicación, distribución, etc. París :
Nombre del editor, distribuidor, etc. Georges Grés et Cie.,
Fecha de publicación, distribución, etc. 1918.
300 ## - DESCRIPCIÓN FÍSICA
Extensión 2 v. ;
Dimensiones 16 cm.
490 1# - MENCIÓN DE SERIE
Mención de serie Bellum
505 8# - NOTA DE CONTENIDO CON FORMATO
Nota de contenido con formato Contiene: Octobre 1914-Avril 1915. -- Mai 1915-Septembre 1915
830 0# - PUNTO DE ACCESO ADICIONAL DE SERIE-TÍTULO UNIFORME
Título uniforme Bellum
9 (RLIN) 181605
852 ## - LOCALIZACIÓN
Ubicación ES-MaACL
Número de control de estantería G-1877-78
Holdings
Estatus retirado Estado de pérdida Estado de daño No para préstamo Biblioteca de origen Biblioteca actual Ubicación en estantería Fecha de adquisición Fuente de adquisición Total de préstamos Signatura topográfica completa Código de barras Visto por última vez Precio de reemplazo Tipo de ítem Koha
        Biblioteca del Ateneo de Madrid Biblioteca del Ateneo de Madrid Depósito 2 17/01/2008     G-1877-78 1078333 23/02/2023 23/02/2023 Libro impreso